Advanced engineering physics : (Record no. 60843)

MARC details
000 -LEADER
fixed length control field 01017nam a22002657a 4500
005 - DATE AND TIME OF LATEST TRANSACTION
control field 20120113103918.0
008 - FIXED-LENGTH DATA ELEMENTS--GENERAL INFORMATION
fixed length control field 120113t xxu||||| |||| 00| 0 eng d
010 ## - LCCN (DPL NO)
LC control number ENG-104716
020 ## - INTERNATIONAL STANDARD BOOK NUMBER
International Standard Book Number 9781259003295
Terms of availability 310.00
020 ## - INTERNATIONAL STANDARD BOOK NUMBER
International Standard Book Number 1259003299
Terms of availability 310.00
035 ## - SYSTEM CONTROL NUMBER
System control number EN-88249
037 ## - SOURCE OF ACQUISITION
Source of stock number/acquisition DBAD/PUB
040 ## - CATALOGING SOURCE
Original cataloging agency DPL
Language of cataloging Eng
082 ## - DEWEY DECIMAL CLASSIFICATION NUMBER
Classification number 530.2462
100 1# - MAIN ENTRY--PERSONAL NAME
Personal name Bhattacharya, Sujay Kumar
9 (RLIN) 39122
245 ## - TITLE STATEMENT
Title Advanced engineering physics :
Remainder of title WBUT 2011-12 /
Statement of responsibility, etc by Sujay Kumar Bhattacharya [and] Saumen Pal
250 ## - EDITION STATEMENT
Edition statement 2nd ed
260 ## - PUBLICATION, DISTRIBUTION, ETC. (IMPRINT)
Place of publication, distribution, etc New Delhi
Name of publisher, distributor, etc Tata McGraw-Hill
Date of publication, distribution, etc c2012
270 ## - ADDRESS
Address 7 West Patel Nagar
City New Delhi
Postal code 110001
300 ## - PHYSICAL DESCRIPTION
Extent various pagings :
Other physical details ill.
Dimensions 24cm(pbk)
700 ## - ADDED ENTRY--PERSONAL NAME
Personal name Pal, Saumen
9 (RLIN) 39139
942 ## - ADDED ENTRY ELEMENTS (KOHA)
Source of classification or shelving scheme Dewey Decimal Classification
Item type English Books
Classification part 530.2462
Call number suffix BHA
Holdings
Withdrawn status Lost status Source of classification or shelving scheme Damaged status Not for loan Collection code Home library Current library Date acquired Source of acquisition Cost, normal purchase price Total Checkouts Full call number Barcode Date last seen Copy number Cost, replacement price Koha item type
    Dewey Decimal Classification   Not For Loan Non-fiction D.B.Act.Division D.B.Act.Division 13/01/2012 DBAD/PUB 310.00   530.2462 BHA EN-88249 13/01/2012 1 310.00 English Books

© Delhi Public Library
Hit Counter
free hit counter